[Event "UK Blitz op Final"]
[Site "Leamington Spa"]
[Date "2023.12.02"]
[Round "4"]
[White "Willow, Jonah B"]
[Black "Speelman, Jonathan S"]
[Result "0-1"]
[WhiteElo "2427"]
[BlackElo "2492"]
[PlyCount "136"]
[EventDate "2023.12.02"]
[EventType "tourn (blitz)"]
[EventRounds "15"]
[EventCountry "ENG"]
[EventCategory "3"]
[SourceTitle "CB49_2023"]
[SourceDate "2023.12.06"]
[SourceVersion "1"]
[SourceVersionDate "2023.12.06"]
[SourceQuality "1"]

1. e4 c6 2. d4 d5 3. f3 Qb6 4. Nc3 dxe4 5. Nxe4 Nd7 6. c3 Ngf6 7. Bd3 e6 8. Ne2 Be7 9. 0-0 0-0 10. Kh1 c5 11. dxc5 Nxc5 12. Nxc5 Qxc5 13. Qc2 b6 14. Ng3 Bb7 15. Ne4 Nxe4 16. Bxe4 Bxe4 17. Qxe4 Rad8 18. Be3 Qd5 19. Qxd5 Rxd5 20. a4 Rfd8 21. Kg1 Bc5 22. Bxc5 bxc5 23. b4 cxb4 24. cxb4 Rd4 25. Rfb1 Rd2 26. b5 Rc2 27. Rd1 Rdc8 28. a5 g6 29. b6 axb6 30. axb6 Rb8 31. Rdb1 Rc6 32. Ra6 Kg7 33. Kf2 Kf6 34. Rb2 Rd6 35. Ke3 g5 36. g4 Kg6 37. Rb5 f6 38. h3 h5 39. Rb2 h4 40. Rb3 f5 41. Rb5 f4+ 42. Ke4 Kf6 43. Rb4 Rb7 44. Rb5 Rb8 45. Rb4 e5 46. Ra5 Rbxb6 47. Rxb6 Rxb6 48. Ra8 Rb4+ 49. Kd5 Rd4+ 50. Kc5 Rd3 51. Rf8+ Ke6 52. Re8+ Kf6 53. Rf8+ Ke7 54. Rf5 Ke6 55. Rxg5 Rxf3 56. Rg6+ Kf7 57. Rh6 Rxh3 58. Kd5 Re3 59. Rxh4 Kg6 60. Rh5 f3 61. Rf5 e4 62. Ke5 Re2 63. Kf4 f2 64. Rg5+ Kf6 65. Rf5+ Ke6 66. Kg3 e3 67. Rf8 Re1 68. Kg2 Rg1+ 0-1

[Event "UK-ch Blitz"]
[Site "Leamington Spa"]
[Date "2022.12.03"]
[Round "9"]
[White "Han, Yichen"]
[Black "Speelman, Jonathan S"]
[Result "0-1"]
[WhiteElo "2323"]
[BlackElo "2532"]
[PlyCount "130"]
[EventDate "2022.12.03"]
[EventType "tourn (blitz)"]
[EventRounds "15"]
[EventCountry "ENG"]
[SourceTitle "CBM 211 Extra"]
[Source "ChessBase"]
[SourceDate "2023.01.31"]
[SourceVersion "1"]
[SourceVersionDate "2023.01.31"]
[SourceQuality "1"]

1. d4 e6 2. e4 d5 3. Nc3 Nf6 4. Bg5 dxe4 5. Nxe4 Nbd7 6. Nf3 h6 7. Nxf6+ Nxf6 8. Be3 Bd6 9. Bd3 Bd7 10. 0-0 Bc6 11. c4 0-0 12. Qe2 b6 13. h3 Bb7 14. Rad1 Qe7 15. a3 c5 16. dxc5 Bxc5 17. Bxc5 Qxc5 18. b4 Qc7 19. Ne5 Rfd8 20. Rfe1 a5 21. Qe3 axb4 22. axb4 Kf8 23. c5 bxc5 24. Qxc5+ Qxc5 25. bxc5 Rac8 26. Bb5 Rxd1 27. Rxd1 Rxc5 28. Nd7+ Nxd7 29. Bxd7 Bd5 30. Ba4 g5 31. Rb1 Ra5 32. Bd1 Ke7 33. Bh5 f5 34. Be2 Ra2 35. Bd3 Kf6 36. Rc1 h5 37. Rc2 Ra1+ 38. Kh2 h4 39. f3 Ke5 40. Bb5 Ra2 41. Rxa2 Bxa2 42. g3 Kd4 43. f4 hxg3+ 44. Kxg3 gxf4+ 45. Kxf4 Bb1 46. h4 e5+ 47. Kf3 Be4+ 48. Kf2 f4 49. h5 Bf5 50. Be8 e4 51. h6 Ke5 52. Bf7 Bh7 53. Bc4 Kf6 54. Kg2 Kg5 55. Kh3 Bf5+ 56. Kg2 Kxh6 57. Be2 Kg5 58. Kf2 Bg4 59. Ba6 e3+ 60. Kg2 Kf6 61. Bb7 Ke5 62. Kf1 f3 63. Ba6 Bh3+ 64. Kg1 f2+ 65. Kh2 f1Q 0-1

[Event "UK-ch Blitz"]
[Site "Leamington Spa"]
[Date "2022.12.03"]
[Round "4"]
[White "Speelman, Jonathan S"]
[Black "Boswell, Jacob Connor"]
[Result "1-0"]
[WhiteElo "2532"]
[BlackElo "2017"]
[PlyCount "101"]
[EventDate "2022.12.03"]
[EventType "tourn (blitz)"]
[EventRounds "15"]
[EventCountry "ENG"]
[SourceTitle "CBM 211 Extra"]
[Source "ChessBase"]
[SourceDate "2023.01.31"]
[SourceVersion "1"]
[SourceVersionDate "2023.01.31"]
[SourceQuality "1"]

1. Nf3 Nf6 2. c4 g6 3. Nc3 Bg7 4. e4 d6 5. d4 0-0 6. h3 e5 7. dxe5 dxe5 8. Qxd8 Rxd8 9. Bg5 c6 10. Nxe5 Re8 11. 0-0-0 Nxe4 12. Nxe4 Bxe5 13. Nd6 Bxd6 14. Rxd6 Bf5 15. Bd3 Bxd3 16. Rxd3 Na6 17. Be3 b5 18. Rhd1 Nb4 19. Rb3 a5 20. cxb5 cxb5 21. a3 Rac8+ 22. Kb1 Nc2 23. Bh6 b4 24. axb4 Nxb4 25. Re3 Rxe3 26. Bxe3 f5 27. Rd7 Rf8 28. b3 Rf7 29. Rd8+ Rf8 30. Rxf8+ Kxf8 31. Bb6 Nc6 32. Kc2 Ke7 33. Kd3 Kd6 34. Kc4 Ne5+ 35. Kb5 f4 36. f3 Nd3 37. Kxa5 Ne1 38. b4 Nxg2 39. b5 Ne1 40. Bf2 Nxf3 41. b6 Ne5 42. Ka6 Nc6 43. b7 Kc7 44. Bb6+ Kb8 45. Bc5 Kc7 46. h4 h6 47. Bf8 g5 48. Bxh6 gxh4 49. Bxf4+ Kd7 50. Kb6 h3 51. Bh2 1-0

[Event "UK-ch Blitz"]
[Site "Leamington Spa"]
[Date "2022.12.03"]
[Round "15"]
[White "Speelman, Jonathan S"]
[Black "Camacho Collados, Jose"]
[Result "1-0"]
[WhiteElo "2532"]
[BlackElo "2280"]
[PlyCount "109"]
[EventDate "2022.12.03"]
[EventType "tourn (blitz)"]
[EventRounds "15"]
[EventCountry "ENG"]
[SourceTitle "CBM 211 Extra"]
[Source "ChessBase"]
[SourceDate "2023.01.31"]
[SourceVersion "1"]
[SourceVersionDate "2023.01.31"]
[SourceQuality "1"]

1. Nf3 Nf6 2. c4 b6 3. d3 Bb7 4. e4 e6 5. e5 Ng8 6. d4 d6 7. Nc3 dxe5 8. Nxe5 Nd7 9. Bf4 Nxe5 10. Bxe5 Nf6 11. Qe2 Bb4 12. f3 0-0 13. a3 Bxc3+ 14. bxc3 c5 15. Qc2 cxd4 16. cxd4 Rc8 17. Be2 Nd7 18. Bg3 Qf6 19. Rd1 Rfd8 20. 0-0 h5 21. Bd6 Nf8 22. Be5 Qh6 23. Qd2 Qxd2 24. Rxd2 Ba6 25. Rc1 f6 26. Bg3 Kf7 27. Kf1 Ng6 28. c5 Bxe2+ 29. Kxe2 bxc5 30. dxc5 Rxd2+ 31. Kxd2 e5 32. Kd3 Ke6 33. Kc4 h4 34. Bf2 Nf4 35. g3 hxg3 36. hxg3 Nd5 37. Rd1 Rd8 38. Rb1 Rd7 39. Rb8 f5 40. Re8+ Ne7 41. c6 Rd2 42. Bc5 Rc2+ 43. Kb5 a6+ 44. Kb6 Kd5 45. Rd8+ Ke6 46. Rd6+ Kf7 47. Rd7 Rb2+ 48. Kc7 Ke6 49. Rxe7+ Kd5 50. Bd6 Rc2 51. Rxe5+ Kd4 52. Rxf5 Rc3 53. Rc5 Rxf3 54. Kd7 Rf7+ 55. Be7 1-0

[Event "UK-ch Blitz"]
[Site "Leamington Spa"]
[Date "2022.12.03"]
[Round "8"]
[White "Speelman, Jonathan S"]
[Black "Gasanov, Eldar"]
[Result "1/2-1/2"]
[WhiteElo "2532"]
[BlackElo "2447"]
[PlyCount "46"]
[EventDate "2022.12.03"]
[EventType "tourn (blitz)"]
[EventRounds "15"]
[EventCountry "ENG"]
[SourceTitle "CBM 211 Extra"]
[Source "ChessBase"]
[SourceDate "2023.01.31"]
[SourceVersion "1"]
[SourceVersionDate "2023.01.31"]
[SourceQuality "1"]

1. Nf3 d5 2. g3 c6 3. Bg2 Bf5 4. d3 e6 5. 0-0 Nf6 6. c4 dxc4 7. dxc4 Nbd7 8. Nc3 Be7 9. Nh4 Bg4 10. h3 Bh5 11. b3 0-0 12. Bb2 Qc7 13. g4 Ne8 14. Nf3 Bg6 15. Rc1 Rd8 16. Qe1 Nc5 17. b4 Ne4 18. Nxe4 Bxe4 19. Qc3 Bf6 20. Qb3 Bxb2 21. Qxb2 Nf6 22. Rfd1 h6 23. Qe5 Qb6 1/2-1/2

[Event "BCF-chT 2122 (4NCL)"]
[Site "England"]
[Date "2022.02.12"]
[Round "3.11"]
[White "Roberson, Peter T"]
[Black "Speelman, Jonathan S"]
[Result "1/2-1/2"]
[WhiteElo "2425"]
[BlackElo "2504"]
[PlyCount "68"]
[EventDate "2021.11.27"]
[EventType "team-swiss"]
[EventRounds "11"]
[EventCountry "ENG"]
[SourceTitle "EXT 2023"]
[Source "ChessBase"]
[SourceDate "2022.10.05"]
[SourceVersion "1"]
[SourceVersionDate "2022.10.05"]
[SourceQuality "1"]
[WhiteTeam "The Sharks"]
[BlackTeam "Wood Green"]
[WhiteTeamCountry "ENG"]
[BlackTeamCountry "ENG"]

1. e4 c6 2. d4 d5 3. e5 Bf5 4. Nd2 e6 5. Nb3 a5 6. a4 Na6 7. c3 Ne7 8. Nf3 Bg6 9. Be2 Nf5 10. 0-0 Be7 11. g4 Nh4 12. Nxh4 Bxh4 13. f4 f5 14. exf6 Bxf6 15. Bxa6 bxa6 16. Nc5 Bf7 17. Re1 0-0 18. Nxe6 Bxe6 19. Rxe6 Qd7 20. Qe2 Rae8 21. f5 Rxe6 22. fxe6 Qd6 23. g5 Be7 24. Bd2 c5 25. Rf1 Re8 26. Qg4 cxd4 27. cxd4 Bd8 28. Re1 Bc7 29. Re2 Qc6 30. Be1 Qxa4 31. g6 hxg6 32. Qxg6 Re7 33. Kg2 Qxd4 34. Bg3 Bxg3 1/2-1/2

[Event "LCC English Rapid 12th"]
[Site "London"]
[Date "2021.12.12"]
[Round "8"]
[White "Ghasi, Ameet K"]
[Black "Speelman, Jonathan S"]
[Result "1/2-1/2"]
[WhiteElo "2485"]
[BlackElo "2504"]
[PlyCount "66"]
[EventDate "2021.12.11"]
[EventType "tourn (rapid)"]
[EventRounds "9"]
[EventCountry "ENG"]
[EventCategory "11"]
[SourceTitle "CBM 205 Extra"]
[Source "ChessBase"]
[SourceDate "2022.01.31"]
[SourceVersion "1"]
[SourceVersionDate "2022.01.31"]
[SourceQuality "1"]

1. Nf3 Nf6 2. g3 d5 3. Bg2 c6 4. 0-0 Bg4 5. h3 Bxf3 6. Bxf3 e5 7. d3 Bc5 8. c4 dxc4 9. Qc2 Nbd7 10. Qxc4 Qe7 11. Nc3 0-0 12. Bd2 h6 13. Rac1 a5 14. Qb3 Rfb8 15. Na4 Bd6 16. Be3 Ra6 17. Qc2 Qe6 18. g4 Qxa2 19. Qc4 Qxc4 20. dxc4 b5 21. cxb5 cxb5 22. Nc3 a4 23. Ne4 Bf8 24. Nxf6+ Nxf6 25. Rc6 Rxc6 26. Bxc6 a3 27. bxa3 Bxa3 28. Ba7 Rc8 29. Bxb5 Bc5 30. Ba6 Rc6 31. Bb5 Rc7 32. Bxc5 Rxc5 33. Ba6 g6 1/2-1/2

[Event "LCC English Rapid 12th"]
[Site "London"]
[Date "2021.12.11"]
[Round "5"]
[White "Adams, Michael"]
[Black "Speelman, Jonathan S"]
[Result "0-1"]
[WhiteElo "2700"]
[BlackElo "2504"]
[PlyCount "86"]
[EventDate "2021.12.11"]
[EventType "tourn (rapid)"]
[EventRounds "9"]
[EventCountry "ENG"]
[EventCategory "11"]
[SourceTitle "CBM 205 Extra"]
[Source "ChessBase"]
[SourceDate "2022.01.31"]
[SourceVersion "1"]
[SourceVersionDate "2022.01.31"]
[SourceQuality "1"]

1. e4 c6 2. d4 d5 3. Nd2 dxe4 4. Nxe4 Nf6 5. Nxf6+ exf6 6. Be3 Bd6 7. Bd3 0-0 8. Ne2 Re8 9. 0-0 Qc7 10. h3 Nd7 11. c4 Nf8 12. Qd2 Be6 13. Rac1 Qd7 14. Bf4 Rad8 15. Rfd1 Be7 16. Qa5 b6 17. Qa6 Ng6 18. Bg3 h5 19. d5 cxd5 20. Bxg6 fxg6 21. Nf4 d4 22. Nxg6 Bf7 23. Nxe7+ Qxe7 24. Qb5 Qe4 25. h4 d3 26. Qb4 b5 27. b3 bxc4 28. bxc4 Rd4 29. f3 Rxc4 30. fxe4 Rxb4 31. Rxd3 Rbxe4 32. Rd7 Rg4 33. Bf2 a5 34. a3 a4 35. Rc3 Rb8 36. Rg3 Rb1+ 37. Kh2 Rxh4+ 38. Rh3 Rxh3+ 39. gxh3 Rb3 40. Rd8+ Kh7 41. Bc5 Be6 42. Ra8 Rxh3+ 43. Kg2 Bd5+ 0-1

[Event "BCF-chT 2122 (4NCL)"]
[Site "England"]
[Date "2021.11.27"]
[Round "1.11"]
[White "Walker, Martin Graham"]
[Black "Speelman, Jonathan S"]
[Result "0-1"]
[WhiteElo "2222"]
[BlackElo "2504"]
[PlyCount "96"]
[EventDate "2021.11.27"]
[EventType "team-swiss"]
[EventRounds "11"]
[EventCountry "ENG"]
[SourceTitle "EXT 2023"]
[Source "ChessBase"]
[SourceDate "2022.10.05"]
[SourceVersion "1"]
[SourceVersionDate "2022.10.05"]
[SourceQuality "1"]
[WhiteTeam "Anglian Avengers"]
[BlackTeam "Wood Green"]
[WhiteTeamCountry "ENG"]
[BlackTeamCountry "ENG"]

1. e4 c6 2. d4 d5 3. exd5 cxd5 4. c4 Nf6 5. Nc3 e6 6. Nf3 Bb4 7. cxd5 Nxd5 8. Bd2 Nc6 9. Bd3 Be7 10. a3 Bf6 11. Be3 e5 12. dxe5 Nxe3 13. fxe3 Nxe5 14. Bb5+ Bd7 15. Nxe5 Bxe5 16. Qxd7+ Qxd7 17. Bxd7+ Kxd7 18. 0-0-0+ Ke6 19. Nb5 Rhc8+ 20. Kb1 Rd8 21. Nd4+ Ke7 22. Nf3 Bc7 23. Rhe1 Bb6 24. e4 h6 25. h3 Rac8 26. Ne5 Rxd1+ 27. Rxd1 Ke6 28. Nd3 Rc4 29. Re1 g6 30. Re2 a5 31. Nf4+ Ke5 32. Nd3+ Kd4 33. Nf4 Bc7 34. Nd5 Be5 35. Ne3 Rc5 36. Nc2+ Kd3 37. Re3+ Kd2 38. Rf3 f6 39. Ne3 h5 40. Nf1+ Ke2 41. Ng3+ Ke1 42. h4 a4 43. Rf1+ Kd2 44. Rf2+ Kd3 45. Rf3+ Kd4 46. Nh1 Kxe4 47. Nf2+ Kd5 48. Nd3 Rc4 0-1

[Event "BCF-chTa 1920 (4NCL)"]
[Site "Daventry"]
[Date "2020.02.08"]
[Round "5.21"]
[White "Speelman, Jonathan S"]
[Black "Bisby, Daniel L"]
[Result "1/2-1/2"]
[WhiteElo "2509"]
[BlackElo "2314"]
[PlyCount "47"]
[EventDate "2019.11.09"]
[EventType "team-tourn"]
[EventRounds "11"]
[EventCountry "ENG"]
[SourceTitle "CBM 194 Extra"]
[Source "ChessBase"]
[SourceDate "2020.03.31"]
[SourceVersion "1"]
[SourceVersionDate "2020.03.31"]
[SourceQuality "1"]
[WhiteTeam "Wood Green"]
[BlackTeam "Cambridge University"]
[WhiteTeamCountry "ENG"]
[BlackTeamCountry "ENG"]

1. d4 Nf6 2. Nf3 g6 3. g3 Bg7 4. Bg2 0-0 5. c4 d6 6. 0-0 Nc6 7. Nc3 e5 8. d5 Nb8 9. Ne1 a5 10. Nd3 Na6 11. a3 Nd7 12. Rb1 f5 13. Bd2 e4 14. Nf4 Ne5 15. b3 Qe8 16. Qc2 g5 17. Ne6 Bxe6 18. dxe6 Nc5 19. Bxg5 Nxe6 20. Bd2 Qh5 21. Rbe1 Rae8 22. Nd5 a4 23. Nf4 Qf7 24. Nxe6 1/2-1/2

[Event "PRO League Stage"]
[Site "Chess.com INT"]
[Date "2020.01.13"]
[Round "2"]
[White "Le, Quang Liem"]
[Black "Speelman, Jonathan S"]
[Result "1-0"]
[WhiteElo "2713"]
[BlackElo "2509"]
[PlyCount "101"]
[EventDate "2020.01.06"]
[EventType "team-swiss (rapid)"]
[EventRounds "7"]
[EventCountry "USA"]
[SourceTitle "CBM 194 Extra"]
[Source "ChessBase"]
[SourceDate "2020.03.31"]
[SourceVersion "1"]
[SourceVersionDate "2020.03.31"]
[SourceQuality "1"]
[WhiteTeam "Saint Louis Arch Bishops"]
[BlackTeam "UK Lions"]
[WhiteTeamCountry "USA"]
[BlackTeamCountry "ENG"]

1. e4 c6 2. d4 d5 3. e5 Bf5 4. h4 h5 5. Bd3 Bxd3 6. Qxd3 e6 7. Nf3 Nh6 8. Bxh6 Rxh6 9. Nbd2 Nd7 10. 0-0 a6 11. Rfd1 Be7 12. g3 g6 13. c4 dxc4 14. Nxc4 Nb6 15. Ne3 Kf8 16. Qb3 Kg7 17. Rac1 Rh8 18. Nd2 Rb8 19. Ne4 Nd5 20. Kg2 Qd7 21. Nc4 Rhd8 22. Qf3 Qe8 23. a3 Rd7 24. Nc5 Rdd8 25. Nd2 a5 26. Nde4 b6 27. Nd3 Rbc8 28. Rc2 Rc7 29. Rdc1 Qd7 30. Rc4 Rdc8 31. Kg1 Qd8 32. R4c2 Qd7 33. Rd2 Qd8 34. Nf4 Nxf4 35. Qxf4 Rd7 36. Rcd1 a4 37. Qf3 c5 38. dxc5 Rxd2 39. Rxd2 Qc7 40. Nd6 Rf8 41. c6 b5 42. Qc3 Rb8 43. Rd3 Kg8 44. Nb7 b4 45. axb4 Bxb4 46. Qxb4 Qxc6 47. Rd8+ Rxd8 48. Nxd8 Qd5 49. Qe7 Qd1+ 50. Kh2 Qf3 51. Qf6 1-0

[Event "PRO League Stage"]
[Site "Chess.com INT"]
[Date "2020.01.13"]
[Round "2"]
[White "Speelman, Jonathan S"]
[Black "Dominguez Perez, Leinier"]
[Result "0-1"]
[WhiteElo "2509"]
[BlackElo "2758"]
[PlyCount "93"]
[EventDate "2020.01.06"]
[EventType "team-swiss (rapid)"]
[EventRounds "7"]
[EventCountry "USA"]
[SourceTitle "CBM 194 Extra"]
[Source "ChessBase"]
[SourceDate "2020.03.31"]
[SourceVersion "1"]
[SourceVersionDate "2020.03.31"]
[SourceQuality "1"]
[WhiteTeam "UK Lions"]
[BlackTeam "Saint Louis Arch Bishops"]
[WhiteTeamCountry "ENG"]
[BlackTeamCountry "USA"]

1. Nf3 d5 2. e3 Nf6 3. c4 e6 4. b3 b6 5. Bb2 Bb7 6. Be2 Nbd7 7. 0-0 Bd6 8. Nc3 a6 9. d4 Qe7 10. Qc2 0-0 11. Rad1 Rac8 12. Qb1 dxc4 13. bxc4 c5 14. a4 cxd4 15. exd4 Ng4 16. Ne4 Nxh2 17. Nxh2 Bxh2+ 18. Kxh2 Qh4+ 19. Kg1 Bxe4 20. Qc1 Bd5 21. c5 Qe4 22. Bf3 Qf5 23. Bxd5 Qxd5 24. Qc3 Nf6 25. f3 Qc6 26. Qb3 bxc5 27. dxc5 Qxc5+ 28. Bd4 Qc4 29. Qxc4 Rxc4 30. Bxf6 gxf6 31. Rd6 Rxa4 32. Rc1 Ra2 33. Rc7 f5 34. Ra7 a5 35. Rda6 Rd8 36. Rxa5 Rxa5 37. Rxa5 Kg7 38. f4 Rd4 39. g3 Rd2 40. Ra8 h5 41. Ra4 Rb2 42. Kf1 Kg6 43. Ra8 h4 44. gxh4 Rb4 45. Kg2 Rxf4 46. Kg3 Rg4+ 47. Kh3 0-1

[Event "BL2-Ost 1920"]
[Site "Germany"]
[Date "2019.10.20"]
[Round "2.3"]
[White "Meijers, Viesturs"]
[Black "Speelman, Jonathan S"]
[Result "1/2-1/2"]
[WhiteElo "2439"]
[BlackElo "2511"]
[PlyCount "24"]
[EventDate "2019.10.19"]
[EventType "team-tourn"]
[EventRounds "11"]
[EventCountry "GER"]
[SourceTitle "CBM 194 Extra"]
[Source "ChessBase"]
[SourceDate "2020.03.31"]
[SourceVersion "1"]
[SourceVersionDate "2020.03.31"]
[SourceQuality "1"]
[WhiteTeam "Nickelhuette Aue"]
[BlackTeam "Muenchen SC"]
[WhiteTeamCountry "GER"]
[BlackTeamCountry "GER"]

1. Nf3 Nf6 2. g3 d5 3. d4 c6 4. Bg2 Bf5 5. 0-0 h6 6. b3 e6 7. c4 Nbd7 8. Bb2 Be7 9. Nbd2 Ne4 10. cxd5 cxd5 11. Nxe4 Bxe4 12. Qd2 Qb6 1/2-1/2